| 000 | 00677nam a2200217Ia 4500 | ||
|---|---|---|---|
| 008 | 191130s1968##################000#0#eng## | ||
| 020 | _a9780521116237 | ||
| 040 |
_aACL _cACL |
||
| 082 | _a496 LAD | ||
| 100 | _aLadefoged, Peter | ||
| 245 | _aA phonetic study of west African languages: an auditory-instrumental survey | ||
| 250 | _a2nd ed | ||
| 260 |
_aCambridge _bCambridge University Press _c1968 |
||
| 300 | _axviii, 74 p. 16 plates, illus., map. 26 cm | ||
| 500 | _aBibliography: p. 67-70 | ||
| 650 | _aAfrica, West - Languages | ||
| 650 | _aAfrican languages - Phonology | ||
| 990 | _a92ed2dd1ac10000c36ddd255c21f9407 | ||
| 991 | _a416547 | ||
| 999 |
_c358107 _d358107 |
||